Online Catalogue and eLibrary

Motherhood : (Record no. 351)

MARC details
000 -LEADER
fixed length control field 00826cam a2200253 a 4500
001 - CONTROL NUMBER
control field 4854108
005 - DATE AND TIME OF LATEST TRANSACTION
control field 20240208060301.0
008 - FIXED-LENGTH DATA ELEMENTS--GENERAL INFORMATION
fixed length control field 910610s1991 enk b 001 0 eng
020 ## - INTERNATIONAL STANDARD BOOK NUMBER
ISBN 0803983131
020 ## - INTERNATIONAL STANDARD BOOK NUMBER
ISBN 080398314X (pbk.)
040 ## - CATALOGING SOURCE (பட்டியலாக்க மூலம்)
Original cataloging agency DLC
Transcribing agency DLC
Modifying agency DLC
082 ## - DDC Classification
DDC Edition Number 22
Class No. 306.8.
Item Number - Author Mark ANN.
245 00 - TITLE STATEMENT
Title Motherhood :
Remainder of title meanings, practices, and ideologies /
Statement of responsibility, etc. edited by Ann Phoenix, Anne Woollett, and Eva Lloyd.
260 ## - PUBLICATION, DISTRIBUTION, ETC.
Place of publication, distribution, etc. London ;
-- Newbury Park :
Name of publisher, distributor, etc. Sage Publications,
Date of publication, distribution, etc. 1991.
300 ## - PHYSICAL DESCRIPTION
Extent (e.g. Volumes, Pages etc.) x, 240 p. ;
650 #0 - SUBJECT ADDED ENTRY--TOPICAL TERM
Topical term or geographic name entry element Motherhood.
650 #0 - SUBJECT ADDED ENTRY--TOPICAL TERM
Topical term or geographic name entry element Mothers
700 1# - ADDED ENTRY--PERSONAL NAME
Personal name Phoenix, Ann.
Relator term (Role) Editor
700 1# - ADDED ENTRY--PERSONAL NAME
Personal name Woollett, Anne.
Relator term (Role) Editor
700 1# - ADDED ENTRY--PERSONAL NAME
Personal name Lloyd, Eva.
Relator term (Role) Editor
856 42 - ELECTRONIC LOCATION AND ACCESS
Uniform Resource Identifier <a href="http://www.loc.gov/catdir/enhancements/fy0656/91053092-d.html">http://www.loc.gov/catdir/enhancements/fy0656/91053092-d.html</a>
856 41 - ELECTRONIC LOCATION AND ACCESS
Uniform Resource Identifier <a href="http://www.loc.gov/catdir/enhancements/fy0656/91053092-t.html">http://www.loc.gov/catdir/enhancements/fy0656/91053092-t.html</a>
942 ## - Koha item type (Biblio)
Koha item type Books in Stacks (Lending)
Holdings
Lost status Damaged status Collection code Home library Current library Date acquired Full call number Accession Number Item type
    Lending WERC Library WERC Library 02/08/2024 306.8. ANN. 1174 Books in Stacks (Lending)

© WERC Library